Livestock and Climate Change : (Record no. 20209)

MARC details
000 -LEADER
fixed length control field 00931nms a2200265zu 4500
001 - CONTROL NUMBER
control field 22893
003 - CONTROL NUMBER IDENTIFIER
control field HDC
007 - PHYSICAL DESCRIPTION FIXED FIELD--GENERAL INFORMATION
fixed length control field cr ba a|c||
008 - FIXED-LENGTH DATA ELEMENTS--GENERAL INFORMATION
fixed length control field 210315p20140927ts ||||gq||d| 00| 0 eng
040 ## - CATALOGING SOURCE
Original cataloging agency HDC
050 ## - LIBRARY OF CONGRESS CALL NUMBER
Classification number JART000909
100 ## - MAIN ENTRY--PERSONAL NAME
Personal name Goodland, Robert
Relator term author
9 (RLIN) 19636
245 #0 - TITLE STATEMENT
Title Livestock and Climate Change :
Statement of responsibility, etc. by Robert Goodland and Jeff Anhang
Remainder of title What if the key actors in climate change are... /
260 ## - PUBLICATION, DISTRIBUTION, ETC.
Place of publication, distribution, etc. [No place]:
Name of publisher, distributor, etc. [publisher not identified],
Date of publication, distribution, etc. 2009
300 ## - PHYSICAL DESCRIPTION
Extent 1online resources, 10 pages
336 ## - CONTENT TYPE
Content type term text
Source rdacontent
337 ## - MEDIA TYPE
Media type term computer
Source rdamedia
338 ## - CARRIER TYPE
Carrier type term online resource
Source rdacarrier
650 ## - SUBJECT ADDED ENTRY--TOPICAL TERM
Topical term or geographic name entry element climate change
9 (RLIN) 19637
650 ## - SUBJECT ADDED ENTRY--TOPICAL TERM
Topical term or geographic name entry element livestock
9 (RLIN) 2405
856 ## - ELECTRONIC LOCATION AND ACCESS
Public note Request full-text at [email protected]
942 ## - ADDED ENTRY ELEMENTS (KOHA)
Source of classification or shelving scheme Library of Congress Classification
942 ## - ADDED ENTRY ELEMENTS (KOHA)
Koha item type Articles
942 ## - ADDED ENTRY ELEMENTS (KOHA)
Call number prefix JART 003606
Holdings
Withdrawn status Lost status Source of classification or shelving scheme Damaged status Not for loan Home library Current library Shelving location Date acquired Total checkouts Full call number Date last seen Price effective from Koha item type
    Library of Congress Classification     Halal Development Corporation Library Halal Development Corporation Library Open Shelves 24/05/2023   JART 003606 24/05/2023 24/05/2023 Articles
Halal Development Corporation Berhad (HDC)
5.02 Level 5, KPMG Tower, First Avenue, Persiaran Bandar Utama, 47800 Petaling Jaya, Selangor Darul Ehsan
Phone: +603 7965 5489 Email: [email protected]